| Registos Bibliográficos associados ao registo de autoridade |
|
Etiqueta de registo: 00000nam 2200025 450 001 2067776 003 http://id.bnportugal.gov.pt/bib/catbnp/2067776 010 ## $a978-972-9332-77-7 021 ## $aPT$b480226/21 100 ## $a20210428d2021 m a0pory01030103ba 101 0# $apor$aeng 102 ## $aPT 105 ## $aa z 000by 106 ## $ar 200 1# $aQuinta-feira$eabracadabra$dThursday$eabracadabra$fCláudia Dias, Idoia Zabaleta, António Jorge Gonçalves$gcoord. Cláudia Dias$gposf. Jorge Louraço Figueira$gtrad. Marta Prino Peres, Carla Nobre Sousa$zeng 205 ## $a1ª ed.$d1st ed 210 #9 $a[S.l.]$cTeatro Nacional Dona Maria II$cAlkantara,$d2021 215 ## $a1 v.$cil.$d25 cm 510 1# $aThursday$eabracadabra$zeng 675 ## $a821.134.3-2"20"$vBN$zpor$31054329 700 #1 $aDias,$bCláudia,$f1971-$31679324 701 #1 $aZabaleta,$bIdoia$4070$31812836 701 #1 $aGonçalves,$bAntónio Jorge,$f1964-$4070$337008 702 #1 $aFigueira,$bJorge Louraço,$f1973-$4075$31226715 702 #1 $aPeres,$bMarta Prino$4730$31812837 702 #1 $aSousa,$bCarla$4730$3280255 801 #0 $aPT$bBN$gRPC 856 41 $uhttp://rnod.bnportugal.gov.pt/ImagesBN/winlibimg.aspx?skey=&doc=2067776&img=154345&save=true 900 ## $aBIBNAC$d20210910 966 ## $lBN$mFGMON$sL. 156167 V.$x1 966 ## $lBN$mFGMON$sL. 156167 V.-D$x1 966 ## $lBN$mFGMON$sL. 163694 V.$x3 972 ## $e2$z0 973 ## $csteixeira$d20210825 974 ## $d20210906$e0$vaalmeid
Etiqueta de registo: 00000nam 2200025 450 001 2067777 003 http://id.bnportugal.gov.pt/bib/catbnp/2067777 010 ## $a978-972-9332-76-0 021 ## $aPT$b480228/21 100 ## $a20210428d2021 m a0pory01030103ba 101 0# $apor$aeng 102 ## $aPT 105 ## $aa z 000by 106 ## $ar 200 1# $aSexta-feira$dFriday$fCláudia Dias, António Jorge Gonçalves$gcolab. Jorge Louraço Figueira$gposf. Karas$gtrad. Marta Prino Peres, Patrícia Pimentel$zeng 205 ## $a1ª ed 210 #9 $a[S.l.]$cTeatro Nacional Dona Maria II$cAlkantara,$d2021 215 ## $a1 v.$cil.$d25 cm 305 ## $aEd. bilingue em português e inglês 510 1# $aFriday$zeng 675 ## $a821.134.3-2"20"$vBN$zpor$31054329 700 #1 $aDias,$bCláudia,$f1971-$31679324 701 #1 $aGonçalves,$bAntónio Jorge,$f1964-$4040$337008 702 #1 $aFigueira,$bJorge Louraço,$f1973-$4205$31226715 702 #0 $aKaras,$cpseud.$4075$31812841 702 #1 $aPeres,$bMarta Prino$4730$31812837 702 #1 $aPimentel,$bPatrícia$4730$31812842 801 #0 $aPT$bBN$gRPC 856 41 $uhttp://rnod.bnportugal.gov.pt/ImagesBN/winlibimg.aspx?skey=&doc=2067777&img=154144&save=true 900 ## $aBIBNAC$d20210903 966 ## $lBN$mFGMON$sL. 156117 V.$x1 966 ## $lBN$mFGMON$sL. 156117 V.-D$x1 966 ## $lBN$mFGMON$sL. 159960 V.$x3 972 ## $e2$z0 973 ## $csteixeira $d20210823
Etiqueta de registo: 00254nam 2200025 450 001 2120564 003 http://id.bnportugal.gov.pt/bib/catbnp/2120564 010 ## $a978-972-9332-79-1 021 ## $aPT$b501507/22 100 ## $a20230113d2022 m y0pory01030103ba 101 0# $apor 102 ## $aPT 105 ## $aa z 000yy 106 ## $ar 200 1# $aSábado$eaprendizagens no cruzamento entre arte, educação e cidadania$fed. Luísa Veloso, Carlota Quintão$gfot. Américo Jones$gtextos Maria Filomena Molder... [et al.]$gil. António Jorge Gonçalves$gtrad. Marta Prino 205 ## $a1ª ed 210 #9 $aLisboa$cTNDM II -Teatro Nacional D. Maria II [etc.],$d2022 215 ## $a157, [3] p.$cil.$d24 cm 675 ## $a37.03(469)"2016/2021"$vBN$zpor$31870400 675 ## $a7.038.5(469)"2016/2021"$vBN$zpor$31870401 675 ## $a371.38(469)"2016/2021"$vBN$zpor$31870402 701 #1 $aMolder,$bMaria Filomena,$f1950-$4070$378117 702 #1 $aVeloso,$bLuísa$4340$3489731 702 #1 $aQuintão,$bCarlota$4340$31869253 702 #1 $aJones,$bAmérico$4600$31869257 702 #1 $aGonçalves,$bAntónio Jorge,$f1964-$4440$337008 702 #1 $aPeres,$bMarta Prino$4730$31812837 801 #0 $aPT$bBN$gRPC 856 41 $uhttp://rnod.bnportugal.gov.pt/ImagesBN/winlibimg.aspx?skey=&doc=2120564&img=173777&save=true 900 ## $aBIBNAC$d20230131 966 ## $lBN$mFGMON$sS.C. 160336 V.$x1 966 ## $lBN$mFGMON$sS.C. 160336 V.-D$x1 966 ## $lBN$mFGMON$sS.C. 161669 V. $x3 971 ## $cfatima$d20230113 972 ## $d20230131$e0$vlrevez$z0 973 ## $caalmeid$d20230124
Etiqueta de registo: 00254nam 2200025 450 001 2121014 003 http://id.bnportugal.gov.pt/bib/catbnp/2121014 010 ## $a978-972-9332-80-7 021 ## $aPT$b501508/22 100 ## $a20230119d2022 m a0pory01030103ba 101 0# $apor$aeng 102 ## $aPT 105 ## $aa z 000yy 106 ## $ar 200 1# $aDomingo$dSunday$fcoord. Cláudia Dias$gfot. Gabriel Orlando$gtextos Cláudia Dias, Idoia Zabaleta, Karas$gentrevista Catarina Pires$gposf. Jorge Louraço$gil. António Jorge Gonçalves$gtrad. Marta Prino$zeng 205 ## $a1ª ed 210 #9 $a[S.l.]$cTeatro Nacional Dona Maria II$cAlkantara ;$aPorto$cTeatro Municipal do Porto,$d2022 215 ## $a[119] p.$cil.$d24 cm 510 1# $aSunday$zeng 675 ## $a792.09(469)"2016/2022"$vBN$zpor$31870640 675 ## $a77.03$vBN$zpor$3290160 702 #1 $aDias,$bCláudia,$f1971-$4340$31679324 702 #1 $aOrlando$bGabriel$4600$31870064 702 #1 $aZabaleta,$bIdoia$4070$31812836 702 #0 $aKaras,$cpseud.$4070$31812841 702 #1 $aPires,$bCatarina$4470$31174686 702 #1 $aFigueira,$bJorge Louraço,$f1973-$4075$31226715 702 #1 $aGonçalves,$bAntónio Jorge,$f1964-$4440$337008 702 #1 $aPeres,$bMarta Prino$4730$31812837 801 #0 $aPT$bBN$gRPC 856 41 $uhttp://rnod.bnportugal.gov.pt/ImagesBN/winlibimg.aspx?skey=&doc=2121014&img=173901&save=true 900 ## $aBIBNAC$d20230207 966 ## $lBN$mFGMON$sB.A. 48081 V.$x1 966 ## $lBN$mFGMON$sB.A. 48081 V.-D$x1 966 ## $lBN$mFGMON$sB.A. 48658 V.$x3 971 ## $cfatima$d20230119 972 ## $e0$z0$d20230207$viquintas 973 ## $cigoulao$d20230126 974 ## $d20230126$e0$vaalmeid
Etiqueta de registo: 00254nam 2200025 450 001 2284922 003 http://id.bnportugal.gov.pt/bib/catbnp/2284922 010 ## $a978-989-679-968-7 021 ## $aPT$b504158/22 100 ## $a20260421d2023 cm y0pory01030103ba 101 1# $apor 102 ## $aPT 105 ## $aa z 000yy 106 ## $ar 200 1# $aO que se passa na minha cabeça?$fMolly Potter$gil. Sarah Jennings$gtrad. Marta Prino Peres 205 ## $a1ª ed 210 #9 $aLisboa$cEdicare,$d2025 215 ## $a32 p.$cil.$d26 cm 675 ## $a087.5$vBN$zpor$3287999 675 ## $a159.92/.95(0.053.5)$vBN$zpor$32000960 700 #1 $aPotter,$bMolly$31958837 701 #1 $aJennings,$bSarah$4440$31917567 702 #1 $aPeres,$bMarta Prino$4730$31812837 801 #0 $aPT$bBN$gRPC 856 41 $uhttp://rnod.bnportugal.gov.pt/ImagesBN/winlibimg.aspx?skey=&doc=2284922&img=223527&save=true 966 ## $lBN$mFGMON$sP. 73045 V.$x1 966 ## $lBN$mFGMON$sP. 73045 V.-D$x1 971 ## $cssilva$d20260421 973 ## $csteixeira$d20260618
Etiqueta de registo: 00254nam 2200025 450 001 2285326 003 http://id.bnportugal.gov.pt/bib/catbnp/2285326 010 ## $a978-989-679-969-4 021 ## $aPT$b504526/22 100 ## $a20260427d2023 c y0pory01030103ba 101 1# $apor 102 ## $aPT 105 ## $aa z 000yy 106 ## $ar 200 1# $aCom olhos de ver$fLaura Brand$gil. Freya Hartas$gtrad. Marta Prino Peres 205 ## $a1ª ed 210 #9 $aLisboa$cEdicare,$d2023 215 ## $a47, [4] p.$cil.$d30 cm 675 ## $a087.5$vBN$zpor$3287999 675 ## $a58/59(0.053.5)$vBN$zpor$31459011 700 #1 $aBrand,$bLaura$31997063 701 #1 $aHartas,$bFreya$4440$31557251 702 #1 $aPeres,$bMarta Prino$4730$31812837 801 #0 $aPT$bBN$gRPC 856 41 $uhttp://rnod.bnportugal.gov.pt/ImagesBN/winlibimg.aspx?skey=&doc=2285326&img=222955&save=true 900 ## $aBIBNAC$d20260612 966 ## $lBN$mFGMON$sP. 72913 V.$x1 966 ## $lBN$mFGMON$sP. 72913 V.-D$x1 971 ## $cssilva$d20260427 972 ## $e0$z0$d20260612$vlrevez 973 ## $ctrodrigues$d20260602
Etiqueta de registo: 00254nam 2200025 450 001 2285275 003 http://id.bnportugal.gov.pt/bib/catbnp/2285275 010 ## $a978-989-679-904-5 021 ## $aPT$b496373/22 100 ## $a20260427d2022 c y0pory01030103ba 101 1# $apor 102 ## $aPT 105 ## $aa z 000yy 106 ## $ar 200 1# $aSomos todos diferentes$e uma celebração da diversidade$fTracey Turner, Asa Gilland$gtrad. Marta Prino Peres 205 ## $a1ª ed 210 #9 $aLisboa$cEdicare,$d2022 215 ## $a47, [1] p.$cil.$d29 cm 675 ## $a087.5$vBN$zpor$3287999 675 ## $a316.34(0.053.5)$vBN$zpor$31792614 700 #1 $aTurner,$bTracey$31670529 701 #1 $aGilland,$bAsa$4070$31879949 702 #1 $aPeres,$bMarta Prino$4730$31812837 801 #0 $aPT$bBN$gRPC 856 41 $uhttp://rnod.bnportugal.gov.pt/ImagesBN/winlibimg.aspx?skey=&doc=2285275&img=223022&save=true 900 ## $aBIBNAC$d20260615 966 ## $lBN$mFGMON$sP. 72920 V.$x1 966 ## $lBN$mFGMON$sP. 72920 V.-D$x1 971 ## $corlando$d20260427 972 ## $e0$z0$d20260615$vasantos 973 ## $cmlsousa$d20260605 975 ## $e0$d20260618$viquintas
Etiqueta de registo: 00254nam 2200025 450 001 2285853 003 http://id.bnportugal.gov.pt/bib/catbnp/2285853 010 ## $a978-989-679-978-6 021 ## $aPT$b507683/22 100 ## $a20260506d2023 bc y0pory01030103ba 101 1# $apor$ceng 102 ## $aPT 105 ## $aa z 000yy 106 ## $ar 200 1# $aArte, arte, muita arte - cores$fMarion Deuchars$gtrad. Marta Prino Peres 205 ## $a1ª ed 210 #9 $aLisboa$cEdicare,$d2023 215 ## $a[80] p.$cil.$d29 cm 675 ## $a087.5$vBN$zpor$3287999 700 #1 $aDeuchars,$bMarion,$f1964-$31736658 702 #1 $aPeres,$bMarta Prino$4730$31812837 801 #0 $aPT$bBN$gRPC 856 41 $uhttp://rnod.bnportugal.gov.pt/ImagesBN/winlibimg.aspx?skey=&doc=2285853&img=223491&save=true 966 ## $lBN$mFGMON$sP. 73053 V.$x1 966 ## $lBN$mFGMON$sP. 73053 V.-D$x1 971 ## $corlando$d20260506 973 ## $caalmeid$d20260617
Etiqueta de registo: 00254nam 2200025 450 001 2285850 003 http://id.bnportugal.gov.pt/bib/catbnp/2285850 010 ## $a978-989-679-977-9 021 ## $aPT$b507364/22 100 ## $a20260506d2023 bc y0pory01030103ba 101 1# $apor$ceng 102 ## $aPT 105 ## $aa z 000yy 106 ## $ar 200 1# $a Um livro sobre mim$ecaderno de atividades artísticas$fMarion Deuchars$gtrad. Marta Prino Peres 205 ## $a1ª ed 210 #9 $aLisboa$cEdicare,$d2023 215 ## $a[64] p.$cil.$d29 cm 675 ## $a087.5$vBN$zpor$3287999 675 ## $a159.923(0.053.5)$vBN$zpor$31578565 700 #1 $aDeuchars,$bMarion,$f1964-$31736658 702 #1 $aPeres,$bMarta Prino$4730$31812837 801 #0 $aPT$bBN$gRPC 856 41 $uhttp://rnod.bnportugal.gov.pt/ImagesBN/winlibimg.aspx?skey=&doc=2285850&img=223421&save=true 966 ## $lBN$mFGMON$sP. 73049 V.$x1 966 ## $lBN$mFGMON$sP. 73049 V.-D$x1 971 ## $corlando$d20260506 973 ## $caalmeid$d20260616
Etiqueta de registo: 00254nam 2200025 450 001 2285902 003 http://id.bnportugal.gov.pt/bib/catbnp/2285902 010 ## $a978-989-679-957-1 021 ## $aPT$b501118/22 100 ## $a20260507d2023 c y0pory01030103ba 101 1# $apor$ceng 102 ## $aPT 105 ## $aa z 000yy 106 ## $ar 200 1# $aPlanta$fRiz Reyes$gil. Sara Boccaccini Meadows$gtrad. Marta Prino Peres 205 ## $a1ª ed 210 #9 $aLisboa$cEdicare,$d2023 215 ## $a61, [1] p.$cil.$d32 cm 675 ## $a087.5$vBN$zpor$3287999 675 ## $a581(0.053.5)$vBN$zpor$31570448 675 ## $a635.8(0.053.5)$vBN$zpor$31832280 700 #1 $aReyes,$bRiz$31997817 701 #1 $aMeadows,$bSara Boccaccini,$f1986-$4440$31997821 702 #1 $aPeres,$bMarta Prino$4730$31812837 801 #0 $aPT$bBN$gRPC 856 41 $uhttp://rnod.bnportugal.gov.pt/ImagesBN/winlibimg.aspx?skey=&doc=2285902&img=222893&save=true 900 ## $aBIBNAC$d20260615 966 ## $lBN$mFGMON$sP. 6103 A.$x1 966 ## $lBN$mFGMON$sP. 6103 A.-D $x1 971 ## $corlando$d20260507 972 ## $e0$z0$d20260615$vlrevez 973 ## $ctrodrigues$d20260601
|
|
|